Narciso Hurtado de Córdoba : (Record no. 137329)

MARC details
000 -CABECERA
campo de control de longitud fija 02121nam a22003854i 4500
001 - NÚMERO DE CONTROL
campo de control 991061739598706706
003 - IDENTIFICADOR DEL NÚMERO DE CONTROL
campo de control ES-BaIT
005 - FECHA Y HORA DE LA ÚLTIMA TRANSACCIÓN
campo de control 20260327083139.0
008 - DATOS DE LONGITUD FIJA--INFORMACIÓN GENERAL
campo de control de longitud fija 260327s2025 sp a 000 0dspa c
017 ## - NÚMERO DE COPYRIGHT O DE DEPÓSITO LEGAL
Número de copyright o de depósito legal M 18323-2025
Agencia que asigna Oficina DL Madrid
020 ## - NÚMERO INTERNACIONAL ESTÁNDAR DEL LIBRO
Número Internacional Estándar del Libro 9788490415191
020 ## - NÚMERO INTERNACIONAL ESTÁNDAR DEL LIBRO
Número Internacional Estándar del Libro 8490415196
040 ## - FUENTE DE LA CATALOGACIÓN
Centro catalogador/agencia de origen ES-BaIT
Lengua de catalogación cat
Normas de descripción rda
Centro/agencia transcriptor ES-BaIT
080 ## - NÚMERO DE LA CLASIFICACIÓN DECIMAL UNIVERSAL
Número de la Clasificación Decimal Universal 793.22(460).07
245 00 - MENCIÓN DE TÍTULO
Título Narciso Hurtado de Córdoba :
Resto del título la huella de un bailarín errante /
Mención de responsabilidad, etc. edición a cargo de: Mª José González Ribot, Pilar Sanz Corral y Marina Bollaín Pérez-Mínguez
264 #1 - PRODUCCIÓN, PUBLICACIÓN, DISTRIBUCIÓN, FABRICACIÓN Y COPYRIGHT
Producción, publicación, distribución, fabricación y copyright Madrid :
Nombre del de productor, editor, distribuidor, fabricante Centro de Documentacion de las Artes Escénicas y de la Música. CDAEM-INAEM, 2025
300 ## - DESCRIPCIÓN FÍSICA
Extensión 251 pàgines :
Otras características físicas il·lustracions ;
Dimensiones 20x20 cm
336 ## - TIPO DE CONTENIDO
Término de tipo de contenido text
Código de tipo de contenido txt
Fuente rdacontent
336 ## - TIPO DE CONTENIDO
Término de tipo de contenido imatge fixa
Código de tipo de contenido sti
Fuente rdacontent
337 ## - TIPO DE MEDIO
Nombre/término del tipo de medio sense mediació
Código del tipo de medio n
Fuente rdamedia
338 ## - TIPO DE SOPORTE
Nombre/término del tipo de soporte volum
Código del tipo de soporte nc
Fuente rdacarrier
500 ## - NOTA GENERAL
Nota general Inclou índex d'imatges
520 ## - SUMARIO, ETC.
Sumario, etc. "Pese a haber gozado durante décadas de una popularidad que lo llevó a actuar en países de todo el mundo, la figura del bailarín Narciso Hurtado de Córdoba, bien podría haber pasado al olvido de no ser por una concatenación de casualidades. El fortuito hallazgo de dos maletas que contenían lo que quedaba de su legado vital y artístico (objetos, recuerdos, recorte, documentos y sobre todo fotografías, cientos de fotografías), así como su posterior traslado y custodia en el archivo del CDAEM, son descritos en este libro..." -- Contracoberta
530 ## - NOTA DISPONIBLE DE FORMULARIO FÍSICO ADICIONAL
Nota de formato físico adicional disponible També disponible la versió en línia
600 10 - PUNTO DE ACCESO ADICIONAL DE MATERIA--NOMBRE DE PERSONA
Nombre de persona Hurtado de Córdoba, Narciso
9 (RLIN) 169170
650 #0 - PUNTO DE ACCESO ADICIONAL DE MATERIA--TÉRMINO DE MATERIA
Término de materia o nombre geográfico como elemento de entrada Ballarins de dansa espanyola
Subdivisión cronológica S. XX
Subdivisión de forma Biografia
9 (RLIN) 155571
650 #0 - PUNTO DE ACCESO ADICIONAL DE MATERIA--TÉRMINO DE MATERIA
Término de materia o nombre geográfico como elemento de entrada Coreògrafs de dansa espanyola
Subdivisión cronológica S. XX
Subdivisión de forma Biografia
9 (RLIN) 169171
700 1# - ENTRADA AGREGADA--NOMBRE PERSONAL
Nombre de persona Bollaín Pérez-Mínguez, Marina
9 (RLIN) 169172
Término indicativo de función/relación editor literari
700 1# - ENTRADA AGREGADA--NOMBRE PERSONAL
Nombre de persona González Ribot, Mª José
9 (RLIN) 22937
Término indicativo de función/relación editor literari
700 1# - ENTRADA AGREGADA--NOMBRE PERSONAL
Nombre de persona Sanz Corral, Pilar
9 (RLIN) 169173
Término indicativo de función/relación editor literari
856 41 - LOCALIZACIÓN Y ACCESO ELECTRÓNICOS
Nota pública Accés lliure
Identificador Uniforme del Recurso <a href="https://www.musicadanza.es//contenidos/narciso-hurtado.pdf">https://www.musicadanza.es//contenidos/narciso-hurtado.pdf</a>
908 ## - COLOCAR PARÁMETRO DE COMANDO (RLIN)
Colocar parámetro de comando CDMAE
940 ## - EQUIVALENCIA O REFERENCIA-CRUZADA--TÍTULO UNIFORME [OBSOLETO] [solamente CAN/MARC]
Título uniforme <a href="CDMAE">CDMAE</a>
942 ## - ELEMENTOS DE ENTRADA AGREGADA (KOHA)
Fuente del sistema de clasificación o colocación Clasificación decimal universal
Tipo de ítem Koha Digital
Holdings
Estado de retiro Estado de pérdida Fuente del sistema de clasificación o colocación Estado dañado No para préstamo Localización permanente Ubicación/localización actual Ubicación en estantería Fecha de adquisición Fuente de adquisición Total de préstamos Signatura topográfica completa Código de barras Fecha visto por última vez Precio válido a partir de Tipo de ítem Koha
    Clasificación decimal universal     Biblioteca Barcelona Biblioteca Barcelona BCN Lliure Accés 27/03/2026 Donatiu   793.6 (nar) NAR 1900089995 27/03/2026 27/03/2026 Digital

Powered by Koha